000 01141nam a2200301 i 4500
003 EG-GICUC
005 20260124205259.0
008 260124s1993 ua ||||fr|||| 00| 0 ara d
017 _a93/5004
040 _a EG-GICUC
_bara
_c EG-GICUC
_d EG-GICUC
_erda
041 _aara
082 0 4 _221
_a343.313
_bأ ح . ش
092 0 4 _221
099 _aLaw1 10 343.313 أ ح . ش1993
100 0 _aأحمد فتحى سرور
_eAuthor.
245 1 2 _aالشريعة الدستورية وحقوق الإنسان فى الإجراءات الجنائية /
_cتأليف الدكتور أحمد فتحى سرور.
264 1 _aالقاهرة :
_bدار النهضة العربية،
_c1993.
300 _a446 صفحة ;
_c24 سم.
_bإيضاحيات، صور، مثيليات ؛
336 _2rda content
_atext
337 _2rda media
_aComputer
338 _2rda carrier
_aOnline Resource
504 _aيشتمل على إرجاعات ببليوجرافية.
650 1 _aالقانون الجنائي
_2qrmak
651 1 _2qrmak
856 4 0 _uhttps://fll.law.cu.edu.eg/fulltext/bks/B10-05905.pdf
905 _a43
942 _2ddc
_n0
_cBK
_e21
999 _c59080
_d59080